| 000 | nam a22 7a 4500 | ||
|---|---|---|---|
| 999 |
_c126458 _d126458 |
||
| 008 | 170518b xxu||||| |||| 00| 0 eng d | ||
| 050 | _aBV3.M44 2006 | ||
| 100 |
_aMcGaughey, Douglas R. _930859 |
||
| 245 |
_aReligion before Dogma _bGroundwork in practical theology _c/Douglas R. McGaughey |
||
| 260 |
_aNew York _bT & T Clark _c2006 |
||
| 300 |
_ax, 262p. ; _c23cm. |
||
| 650 |
_aTheology, Practical _930860 |
||
| 942 |
_2lcc _cMONOGRAPH |
||